000 03412nam a22003971 4500
005 20050808122104.0
008 721219s1962 nyu 000 0 eng
010 _aB-341616-626
020 _a9780521514422
_c695.00
035 _aB-341616-626
037 _bCambridge University Press
040 _adpl
_bEnglish
082 _a954.3
100 _aEaton, Richard M.
245 _aA social history of the Deccan, 1300-1761:
_cby Richard M. Eaton
_beight Indian lives /
260 _aNew Delhi
_bCambridge University Press
_c2008
270 _a4381/4, Ansari Road Darya Ganj
_bNew Delhi
_e110002
300 _axiii, 221p.:
_c25 cm. (Hb)
_bcol. photos
490 _aThe new cambridge history of India ;I, 8
500 _aincludes bibliographical references & index
651 _aDeccan (India)
_xHistory
651 _aDeccan (India)
_vBiography.
942 _2ddc
_cEN
_h954.3
_mEAT
999 _c24162
_d24162